000 00575nam a22001937a 4500
010 _a113515
035 _a113515
037 _bCen Lib / Ret
040 _aDPL
_bEN
082 _a709.54
_bZIM
100 _aZimmer, Heinrich
245 _aThe art of indian asia :
_bits mythology and transformations /
_cby Heinrich Zimmer
260 _aNew York
_bPantheon Books
_c1955
270 _aPantheon Books
_bNew York
300 _av 1. 465 ; v 2 614p
_c27cm(hb)
650 _aArt -- India.
650 _aHindu mythology.
942 _2ddc
_cEN
_h709.54
_mZIM
999 _c137181
_d137181